| 000 | 00602nam a22002537a 4500 | ||
|---|---|---|---|
| 001 | 28409 | ||
| 003 | UA-OsUOA | ||
| 005 | 20220206154811.0 | ||
| 007 | ta | ||
| 008 | 20050322b un ||||| |||| 00| 0 ukr d | ||
| 020 | _a5-354-00258-3 | ||
| 040 |
_aUA-OsUOA _brus _cUA-OsUOA _dUA-OsUOA |
||
| 041 | _arus | ||
| 044 | _aRU | ||
| 080 | _a659.4 | ||
| 090 |
_a659.4 _bМ42 |
||
| 100 | _aМедведева Е. В. | ||
| 245 | _aРекламная коммуникация | ||
| 260 |
_aМ. _bЕдиториалУРСС _c2003 |
||
| 300 | _a280 с. | ||
| 650 | 7 | _2UDC | |
| 942 |
_cBK _2udc |
||
| 955 | _a0 | ||
| 999 |
_c314776 _d314776 |
||